000 00835nam a2200229 i 4500
001 128370
003 ES-MaACL
005 20250902221213.0
007 t|
008 070509s1969 mx ||||1| spa d
080 _a624.042
100 1 _aTakabeya, F.
_9109095
245 1 0 _aEstructuras de varios pisos
_b: cálculo y tablas de momentos : métodos de Cross, Kani y Takabeya /
_cF. Takabeya ; [traducido por Gaspar Abraham Seguí y Guillermo Rosselló Ramonell.
250 _a1ª ed.
260 _aMéxico :
_bCompañía Editorial Continental,
_c[1969]
300 _aXI, 269 p. :
_bil. ;
_c25 cm.
650 4 _aEstructuras (Construcción)-
_xCálculo
_912570
700 1 _aAbraham Segui, Gaspar,
_918125
700 1 _aRosselló Ramonell, Guillermo.
_999847
852 _aES-MaACL
_jC-37746
_bR.71605
999 _c128370
_d128370